000 00571nam a22001697a 4500
005 20251108172241.0
008 250721s9999 xx 000 0 ara d
082 1 4 _a810.89/جبر
100 1 _aجبران، جبران خليل
245 1 0 _aبلاغة العرب في القرن العشرين و هي شذرات مختارة من أقلام رسل .... /
264 1 _aبيروت :
_bالمكتبة الثقافية،
300 _a127ص
650 1 7 _aالأدب العربي
650 1 7 _aالمختارات الأدبية
942 _2ddc
_cBK
999 _c74245
_d74245